Inter Squad 2021-2022 - Statistics

General Stats
  • This quiz has been taken 233 times
    164 since last reset
  • The average score is 22 of 29
Answer Stats
# Position Nation Player % Correct
10 FW Argentina Lautaro Martínez
99%
1 GK Slovenia Samir Handanović
98%
9 FW Bosnia and Herzegovina Edin Džeko
96%
7 FW Chile Alexis Sánchez
95%
77 MF Croatia Marcelo Brozović
93%
6 DF Netherlands Stefan de Vrij
93%
2 MF Netherlands Denzel Dumfries
89%
37 DF Slovakia Milan Škriniar
89%
23 MF Italy Nicolò Barella
89%
22 MF Chile Arturo Vidal
88%
- Coach Italy Simone Inzaghi
87%
95 DF Italy Alessandro Bastoni
86%
20 MF Turkey Hakan Çalhanoğlu
85%
14 MF Croatia Ivan Perišić
84%
24 MF Denmark Christian Eriksen
83%
8 MF Uruguay Matías Vecino
78%
97 GK Romania Ionuț Radu
77%
19 FW Argentina Joaquín Correa
76%
18 MF Germany Robin Gosens
73%
11 DF Serbia Aleksandar Kolarov
71%
36 DF Italy Matteo Darmian
71%
5 MF Italy Roberto Gagliardini
66%
33 DF Italy Danilo D'Ambrosio
63%
32 DF Italy Federico Dimarco
63%
13 DF Italy Andrea Ranocchia
57%
88 FW Ecuador Felipe Caicedo
57%
12 MF Italy Stefano Sensi
50%
21 GK Italy Alex Cordaz
43%
48 FW Uruguay Martín Satriano
36%
No matching quizzes found
Score Distribution
Percent of People with Each Score
Percentile by Number Answered
Your Score History
You have not taken this quiz since the last reset